Ten-Letter Name Chain - Statistics

General Stats
  • This quiz has been taken 9 times
  • The average score is 7 of 15
Answer Stats
Hint Answer % Correct
Egyptian city, home to a famous ancient lighthouse Alexandria
100%
Marie __________, French queen who was guillotined Antoinette
100%
State capital of Alabama Montgomery
89%
Shakespeare play, Titus __________ Andronicus
67%
Greek scientist who discovered buoyancy while in his bathtub Archimedes
67%
Russian form of Katherine Yekaterina
56%
Greek girl's name meaning "good news"; Canadian actress __________ Lilly Evangeline
44%
Dutch painter __________ Bosch Hieronymus
44%
The Buddha, __________ Gautama Siddhartha
44%
Female form of the Slavic name Stanislav Stanislava
33%
Italian form of Elizabeth Elisabetta
22%
National Park in the Blue Ridge Mountains of Virginia, USA Shenandoah
22%
Islamic scholar Timothy Winter's Muslim name Abdal Hakim
11%
__________ Robb, actress known for "Bridge to Terabithia" and "Soul Surfer" AnnaSophia
11%
Means "announced" in Italian Annunziata
11%
No matching quizzes found
Score Distribution
Percent of People with Each Score
Percentile by Number Answered
Your Score History
You have not taken this quiz